| 000 | 00836cam a22002413a 4500 | ||
|---|---|---|---|
| 001 | 20959 | ||
| 003 | PGUSA | ||
| 005 | 20140828083439.0 | ||
| 008 | 070402s2007||||xxu|||||s|||||000 | eng d | ||
| 040 |
_aPGUSA _beng |
||
| 042 | _adc | ||
| 050 | 4 | _aF1201 | |
| 100 | 1 |
_aEnock, C. Reginald _q(Charles Reginald), _d1868-1970 |
|
| 245 | 1 | 0 |
_aMexico : _bIts Ancient and Modern Civilisation, History, Political Conditions, Topography, Natural Resources, Industries and General Development _h[electronic resource] / _cC. Reginald Enock |
| 260 |
_bProject Gutenberg, _c2007 |
||
| 506 | _aPublic domain in the USA. | ||
| 516 | _aElectronic text | ||
| 653 | _aMexico | ||
| 700 | 1 |
_aHume, Martin A. S. _q(Martin Andrew Sharp), _d1847-1910 |
|
| 830 | 0 |
_aProject Gutenberg _v20959 |
|
| 856 | 4 | 0 | _uhttp://www.gutenberg.org/ebooks/20959 |
| 942 | _cEB | ||
| 999 |
_c250214 _d250214 |
||